Global dimensions of gender and carework /
Shranjeno v:
| Glavni avtor: | |
|---|---|
| Drugi avtorji: | , |
| Format: | Texto |
| Oznake: |
Označite
Brez oznak, prvi označite!
|
MARC
| LEADER | 00000 a a2200000 04500 | ||
|---|---|---|---|
| 001 | 44738 | ||
| 003 | |||
| 040 | |||
| 100 | |a Mary K. Zimmerman, Mary K. | ||
| 245 | |a Global dimensions of gender and carework / |c Mary K. Zimmerman, Jacquelyn S. Litt, Christine E. Bose | ||
| 700 | |a Litt, Jacquelyn S. | ||
| 700 | |a Christine E. Bose, Christine E. | ||
| 999 | |c 32996 |d 32996 | ||
